000 00599cam a2200217ua 4500
001 6205
005 20260515114018.0
008 131121n ii |||gr||||Z||||||eng
040 _cMAIN
082 _a657
245 _aBook-keeping and accountancy :
_bPart-I /
_cBy C. Mohan Juneja .
250 _a5th rev & enlarged ed.
260 _aLudhiana:
_bKalyani Publishers,
_c1991.
300 _ax,441p.
653 _aCommerce
653 _aBook-keeping and accountancy
700 _aJuneja,C. Mohan,
_eAuthor.,
700 _aChawla,R.C.,
_eAuthor.
700 _aSaksena,K.K.,
_eAuthor.
942 _cBK
999 _c5352
_d5352